000 00966cam a22002891 4500
001 l 54000156
003 DLC
005 20260227111544.0
008 800418s1954 dcua s f000 0 eng c
010 _al 54000156
035 _a(OCoLC)6218507
040 _aU.S. Dept. of Labor. Library
_cOCl
_dDLC
042 _apremarc
050 0 0 _aHD8373
_b.U6
110 1 _aUnited States.
_bBureau of Labor Statistics.
245 1 0 _aLabor statistics series.
250 _a[Rev. as of latter 1952.
260 _aWashington]
_c1954.
300 _a9 v.
_billus.
_c27 cm.
500 _aAt head of title: Foreign and international labor information.
500 _aPrepared by Marion Hayes.
500 _aPreliminary ed. issued in June 1952.
505 0 _aBelgiuim.--Denmark.--France.--Germany (West) Rev. 1953.--Italy.--Netherlands.--Norway.--Sweden.--United Kingdom.
650 0 _aLabor
_vStatistics.
650 0 _aLabor
_zEurope.
700 1 _aHayes, Marion,
_d1897-
999 _c36857
_d36857